000 01048nam a2200217 i 4500
001 167549
003 ES-MaACL
005 20250719062546.0
008 040812s1893 sp |||| | spa d
100 1 _aLastres y Juiz, Francisco,
_d1848-1918
_970504
245 1 0 _aRecursos de casación interpuestos por Florentino Villa y Oliveira
_b: informe pronunciado en 8 de julio de 1893 ante la Sala segunda del Tribunal Supremo /
_cpor Francisco Lastres y Juiz.
260 _aMadrid :
_b[s.n.],
_c1893 (
_fTip. de los Hijos de M.G. Hernández)
300 _a24 p. ;
_c24 cm.
530 _aDisponible en formato digital.
600 1 4 _aVilla y Olivera, Florentino.
_9133730
650 4 _aAsesinato-
_zLa Habana.
_9165781
650 4 _aCasación penal-
_zEspaña.
_9165782
852 _aES-MaACL
_jT-691-F-8
_z- Enc. hol., conservando la enc. original
_z. - Dedicatoria autógrafa del autor
_z- Enc. en un vol. facticio
856 _uhttp://bdh-rd.bne.es/viewer.vm?id=0000120212&page=1
_zBiblioteca Digital Hispánica
999 _c167549
_d167549